| 000 | 00587nam a2200193Ia 4500 | ||
|---|---|---|---|
| 003 | IN-BaIIA | ||
| 008 | 211028s9999 xx 000 0 eng d | ||
| 020 | _a0-201-13500-0 | ||
| 040 | _cIIA Library | ||
| 080 |
_a031:51 _bEMA-1 |
||
| 100 |
_aSantalo, Luis A _910538 |
||
| 245 | 0 |
_aIntegral Geometry and Geometric Probability _cLuis A Santalo |
|
| 260 |
_aReading _bAddison-Wesley _c1976 |
||
| 300 | _axvii, 404p. | ||
| 650 | _aEncyclopedia-Mathematics | ||
| 650 |
_aMathematics Encyclopedia _910050 |
||
| 650 | _aNASA Thesaurus | ||
| 942 | _cBK | ||
| 999 |
_c6079 _d6079 |
||